| 000 | 00749nam a2200181Ia 4500 | ||
|---|---|---|---|
| 008 | 090124s9999 xx 000 0 und d | ||
| 082 | _b38233 | ||
| 100 | _aघाणेकर प्र. के. | ||
| 245 | _a साद सह्याद्रीची ! भटकंती किल्यांची! | ||
| 250 | _a0 | ||
| 260 |
_bस्नेहल प्रकाशन _c2000 |
||
| 300 | _a315 | ||
| 600 | _aघाणेकर प्र. के. | ||
| 630 | _a साद सह्याद्रीची ! भटकंती किल्यांची! | ||
| 700 | _aघाणेकर प्र. के. | ||
| 730 | _a साद सह्याद्रीची ! भटकंती किल्यांची! | ||
| 942 | _cBOOK | ||
| 999 |
_c106496 _d106496 |
||